000 00275nam a22001217a 4500
008 170203b xxu||||| |||| 00| 0 eng d
041 _aeng
080 _a61
100 _a3
101 _aSHM
245 _aMEDICAL AID ENCYCLOPEDIA FOR THE HOME
_cBRUSSEL, J.A
942 _2udc
_cBK
999 _c4489
_d4489